000 01278nam a2200325 a 4500
001 ebr10231233
003 CaPaEBR
006 m u
007 cr cn|||||||||
008 750514s1948 mnuabc s 000 0 eng d
010 _z 48011490
020 _z9780816600465
020 _z9780816661466
040 _aCaPaEBR
_cCaPaEBR
035 _a(OCoLC)233584837
043 _aa-af---
050 1 4 _aDS354
_b.J4 1948eb
082 0 4 _a915.8
100 1 _aJewett, A. C.
245 1 3 _aAn American engineer in Afghanistan
_h[electronic resource] /
_cfrom the letters and notes of A.C. Jewett ; ed. by Marjorie Jewett Bell.
260 _aMinneapolis :
_bUniv. of Minnesota Press,
_c[1948]
300 _axiii, 335 p. :
_bill., map (on lining-papers), ports.
533 _aElectronic reproduction.
_bPalo Alto, Calif. :
_cebrary,
_d2013.
_nAvailable via World Wide Web.
_nAccess may be limited to ebrary affiliated libraries.
651 0 _aAfghanistan
_xSocial life and customs.
651 0 _aAfghanistan
_xDescription and travel.
655 7 _aElectronic books.
_2local
700 1 _aBell, Marjorie Jewett.
710 2 _aebrary, Inc.
856 4 0 _uhttp://site.ebrary.com/lib/rucke/Doc?id=10231233
_zAn electronic book accessible through the World Wide Web; click to view
999 _c39622
_d39622